Estudio del sistema leñoso de las especies forestales (Record no. 41780)

MARC details
000 -LEADER
campo de control de longitud fija 00720nam a2200181 i 4500
001 - NÚMERO DE CONTROL
campo de control 41780
003 - IDENTIFICADOR DE NÚMERO DE CONTROL
campo de control ES-MaACL
005 - FECHA Y HORA DE LA ÚLTIMA TRANSACCIÓN
campo de control 20250902063053.0
007 - CAMPO FIJO DE DESCRIPCIÓN FÍSICA--INFORMACIÓN GENERAL
campo de control de longitud fija t|
008 - DATOS DE LONGITUD FIJA--INFORMACIÓN GENERAL
campo de control de longitud fija 030311s1903 sp ||||1| spa d
100 1# - ENTRADA PRINCIPAL--NOMBRE DE PERSONA
Nombre de persona Castellarnau, Joaquín María de,
Fechas asociadas al nombre 1848-1943
9 (RLIN) 143533
245 10 - MENCIÓN DEL TÍTULO
Título Estudio del sistema leñoso de las especies forestales
Resto del título : descripción micrográfica de la madera de las especies Carpinus Betulus, Linn, Corylus Anellana Linn y Alnus Glutinosa, Gèartn /
Mención de responsabilidad, etc. Joaquín María Castellarnau y Lleopart.
260 ## - PUBLICACIÓN, DISTRIBUCIÓN, ETC.
Lugar de publicación, distribución, etc. Madrid :
Nombre del editor, distribuidor, etc. [s.n.,
Fecha de publicación, distribución, etc. 1903] (
Fabricante Imp. Alemana)
300 ## - DESCRIPCIÓN FÍSICA
Extensión 114 p. ;
Dimensiones 25 cm.
650 #4 - PUNTO DE ACCESO ADICIONAL DE MATERIA--TÉRMINO DE MATERIA
Término de materia o nombre geográfico como elemento de entrada Madera-
Subdivisión general Anatomía.
9 (RLIN) 151954
852 ## - LOCALIZACIÓN
Ubicación ES-MaACL
Número de control de estantería F-6448
Holdings
Estatus retirado Estado de pérdida Estado de daño No para préstamo Biblioteca de origen Biblioteca actual Ubicación en estantería Fecha de adquisición Fuente de adquisición Total de préstamos Signatura topográfica completa Código de barras Visto por última vez Precio de reemplazo Tipo de ítem Koha
        Biblioteca del Ateneo de Madrid Biblioteca del Ateneo de Madrid Depósito 2 17/01/2008     F-6448 1043983 23/02/2023 23/02/2023 Libro impreso